000 00489nam a2200193Ia 4500
005 20230116100126.0
008 131103s9999 xx 000 0 und d
040 _aLoreto College
041 _aEnglish
082 _a821.5
_bPOP-EDM
100 _aEdmunds, E.W.
245 _aPope and his poetry
_cE.W. Edmunds
260 _aLondon
_bGeorge G. Harrap
_c1913
300 _a145p.
650 _aPope, Alexander - Biography
651 _aEnglish poetry
850 _aLCLIB
942 _cBK
999 _c21267
_d71746